Aplikácia práva Európskej únie v národnej úprave v oblasti životného poistenia

Saved in:
Bibliographic Details
Main Author: Juhászová, Zuzana, 1970-
Other Authors: Neuvirthová, Renáta, Meluchová, Jitka, 1965-
Format: Book Chapter
Language:Slovak
Tags: Add Tag
No Tags, Be the first to tag this record!

MARC

LEADER 00000naa$a2200000$$$4500
001 0086602
005 20240502083228.3
041 0 |a slo 
044 |a CZ 
245 1 0 |a Aplikácia práva Európskej únie v národnej úprave v oblasti životného poistenia  |c Zuzana Juhászová, Renáta Neuvirthová, Jitka Meluchová 
100 1 |a Juhászová, Zuzana, 1970- 
700 1 |a Neuvirthová, Renáta 
700 1 |a Meluchová, Jitka, 1965-